Principles of Soft Computing 3rd Ed. (Record no. 21532)

MARC details
000 -LEADER
fixed length control field 00351nam a22001457a 4500
008 - FIXED-LENGTH DATA ELEMENTS--GENERAL INFORMATION
fixed length control field 250926b |||||||| |||| 00| 0 eng d
020 ## - INTERNATIONAL STANDARD BOOK NUMBER
ISBN 978-81-265-7713-2
100 ## - MAIN ENTRY--AUTHOR NAME
Personal name S. N. Sivanandam
245 ## - TITLE STATEMENT
Title Principles of Soft Computing 3rd Ed.
250 ## - EDITION STATEMENT
Edition statement 3rd
260 ## - PUBLICATION, DISTRIBUTION, ETC. (IMPRINT)
Place of publication New Delhi
Name of publisher Wiley
Year of publication 2024
300 ## - PHYSICAL DESCRIPTION
Number of Pages 760
650 ## - SUBJECT ADDED ENTRY--TOPICAL TERM
Topical Term CSE
942 ## - ADDED ENTRY ELEMENTS (KOHA)
Source of classification or shelving scheme Dewey Decimal Classification
Koha item type Books
Holdings
Accession Number Cost, normal purchase price Bill Date Source of acquisition Price effective from Koha item type Withdrawn / writtenoff status Damaged status Not for loan Permanent Location Current Location Shelving location Date acquired Lost/ Missing status department
BE 25144 1029.00 08-09-2025 ABD Publisher 09/26/2025 Books       MIET Library, Jammu MIET Library, Jammu 106/4 09/08/2025   BE
BE 25145 1029.00 08-09-2025 ABD Publisher 09/26/2025 Books       MIET Library, Jammu MIET Library, Jammu 106/4 09/08/2025   BE
BE 25146 1029.00 08-09-2025 ABD Publisher 09/26/2025 Books       MIET Library, Jammu MIET Library, Jammu 106/4 09/08/2025   BE
BE 25147 1029.00 08-09-2025 ABD Publisher 09/26/2025 Books       MIET Library, Jammu MIET Library, Jammu 106/4 09/08/2025   BE
BE 25148 1029.00 08-09-2025 ABD Publisher 09/26/2025 Books       MIET Library, Jammu MIET Library, Jammu 106/4 09/08/2025   BE